Language Quiz

Random Language or Country Quiz

Most Popular Languages by Suffix Quiz Stats

 Plays Quiz Updated Apr 13, 2012

Challenge
Share
Tweet
Embed
Score 0/31 Timer 08:00
0 Plays Today
% Correct
English
98.9%
Spanish
97.6%
French
94.1%
German
87.7%
Mandarin
86%
Japanese
85.6%
Russian
79.2%
Italian
77.5%
Arabic
76.9%
Portuguese
70.8%
Hindi
68.2%
Dutch
58.5%
Cantonese
54.6%
Korean
52.7%
Polish
52.5%
Turkish
43.7%
% Correct
Vietnamese
43.5%
Urdu
40.4%
Bengali
22.4%
Czech
21.9%
Ukrainian
17.6%
Punjabi
14.9%
Zulu
11.2%
Wu
8.8%
Kurdish
8.4%
Javanese
8.1%
Gujarati
6.9%
Telugu
6.1%
Marathi
5.6%
Amharic
5.1%
Min
2.8%

You're not logged in!

Compare scores with friends on all Sporcle quizzes.
Join for Free
OR
Log In

You Might Also Like...

Show Comments

Extras

Top Quizzes Today


Score Distribution

Your Account Isn't Verified!

In order to create a playlist on Sporcle, you need to verify the email address you used during registration. Go to your Sporcle Settings to finish the process.

Report this User

Report this user for behavior that violates our Community Guidelines.

Details: